Normal view
MARC view
- البعاج،مزاحم علي عشيش تأليف/الديارنة،عمر محمد مراجعة
Entry Personal Name
001 - CONTROL NUMBER
- control field: 23766
003 - CONTROL NUMBER IDENTIFIER
- control field: JO-AjAnu
005 - DATE AND TIME OF LATEST TRANSACTION
- control field: 20230606074101.0
008 - FIXED-LENGTH DATA ELEMENTS
- fixed length control field: 230606|| aca||aabn | a|a d
040 ## - CATALOGING SOURCE
- Original cataloging agency: JO-AjAnu
- Transcribing agency: JO-AjAnu
100 ## - HEADING--PERSONAL NAME
- Personal name: البعاج،مزاحم علي عشيش تأليف/الديارنة،عمر محمد مراجعة
670 ## - SOURCE DATA FOUND
- Source citation: Work cat.: (JO-AjAnu)12218: البعاج،مزاحم علي عشيش تأليف/الديارنة،عمر محمد مراجعة, author, صورة المرأة في شعر الأخطل وجرير والفرزدق (العصر الأموي)